Statistics for Државе на слово Н

Click here to take the quiz!

General Stats

  • This quiz has been taken 1 293 times
  • The average score is 7 of 9

Answer Stats

Држава% Correct
Нигер
86%
Нигерија
84%
Норвешка
83%
Немачка
75%
Непал
73%
Никарагва
73%
Намибија
71%
Нови Зеланд
63%
Науру
46%

Score Distribution

Percentile by Number Answered

Percent of People with Each Score

Your Score History

You have not taken this quiz